| 000 | 00420nam a22001337a 4500 | ||
|---|---|---|---|
| 008 | 161027b xxu||||| |||| 00| 0 eng d | ||
| 050 | _aBX5141.A1I549 | ||
| 100 |
_aChurch of England _96337 |
||
| 245 |
_aThe First prayer-book of Edward VI. _c/Church of England |
||
| 260 |
_aLondon _bGriffith Farran Okeden & Welsh |
||
| 300 |
_aviii,295p.; _b20cm. |
||
| 440 |
_aThe Westminster library _927028 |
||
| 942 |
_2lcc _cMONOGRAPH |
||
| 999 |
_c125587 _d125587 |
||